Victor Loret in Egypt (1881-1899). From the archives of the Milan University to the Egyptian Museum in Cairo

محفوظ في:

المؤلف الرئيسي: Patrizia Piacentini

مؤلفون آخرون: Zahi Hawass

التنسيق: كتاب

اللغة: Undetermined

منشور في: cairo Supreme council of antiquities 2008

الموضوعات:

الوسوم: إضافة وسم

لا توجد وسوم, كن أول من يضع وسما على هذه التسجيلة!

رقم الطلب: (L) DT73 .B44 .C21

LEADER 00737nam a2200181Ia 4500
008 221124s9999||||xx |||||||||||||| ||und||
020 |a 977-4377-400 
050 4 |a (L) DT73 .B44 .C21 
100 1 |a Patrizia Piacentini 
245 1 0 |a  Victor Loret in Egypt (1881-1899). From the archives of the Milan University to the Egyptian Museum in Cairo 
264 1 |a cairo  |b Supreme council of antiquities  |c 2008 
300 |a 140.p  |b (some col) plans ports   |c 23*30 cm 
650 4 |a Egyptologists -- italy-- biography 
650 4 |a Excavations-- Egypt-- Exhibitions 
700 1 |a  Zahi Hawass 
942 |2 lcc  |c BK 
952 |0 0  |1 0  |2 lcc  |4 0  |7 1  |9 44006  |a ARCE  |b ARCE  |d 2022-11-24  |l 0  |o (L) DT73 .B44 .C21  |p 1020284  |r 2022-11-24 00:00:00  |w 2022-11-24  |y BK 
999 |c 50463  |d 50463